Statistiche per Ricostruisci la Carriera del Calciatore - Anderson

Clicka qui per fare il quiz!

Statistiche generali

  • Questo quiz è stato fatto 2 volte
  • Il punteggio medio è 4 su 8

Statistiche sulle risposte

HintRisposta% Corretto
2014Fiorentina
100%
2004-2006 Grêmio
100%
2007-2014 Manchester Utd
100%
2018-2019 Adana Demirspor
50%
2017Coritiba
50%
2015-2017 Internacional
0%
2014-2015 Manchester Utd
0%
2006-2007 Porto
0%

Distribuzione punteggi

Percentile per numero di risposta

Percentuale di utenti per punteggio

I tuoi punteggi nel tempo

Non hai fatto questo quiz